<?xml version="1.0" encoding="UTF-8"?>
<collection xmlns="http://www.loc.gov/MARC21/slim">
 <record>
  <leader>00936nam a22002535a 4500</leader>
  <controlfield tag="001">EHU.bham027239</controlfield>
  <controlfield tag="008">130507s2002####sp############000#0#####d</controlfield>
  <controlfield tag="005">20230512124838.0</controlfield>
  <datafield tag="245" ind1="1" ind2="0">
   <subfield code="a">¿Por que recordar? :</subfield>
   <subfield code="b">foro internacional Memoria e Historia (Unesco-La Sorbonne, 25-26, marzo, 1998 /</subfield>
   <subfield code="c">Paul Ricoeur, Umberto Eco, Jacques Le Goff ; prefacio de Élie Wiesel ; dir. por Françoise Barret-Ducrocq ; trad. por Silvia Peña W.</subfield>
  </datafield>
  <datafield tag="260" ind1=" " ind2=" ">
   <subfield code="a">Barcelona :</subfield>
   <subfield code="b">Granica,</subfield>
   <subfield code="c">2002.</subfield>
  </datafield>
  <datafield tag="300" ind1=" " ind2=" ">
   <subfield code="a">248 p.</subfield>
  </datafield>
  <datafield tag="490" ind1="0" ind2=" ">
   <subfield code="a">Ensayo</subfield>
  </datafield>
  <datafield tag="100" ind1="1" ind2=" ">
   <subfield code="a">Ricoeur, Paul</subfield>
  </datafield>
  <datafield tag="700" ind1="1" ind2=" ">
   <subfield code="a">Eco, Umberto</subfield>
  </datafield>
  <datafield tag="700" ind1="1" ind2=" ">
   <subfield code="a">Le Goff, Jacques</subfield>
  </datafield>
  <datafield tag="700" ind1="1" ind2=" ">
   <subfield code="a">Wiesel, Élie, pref.</subfield>
  </datafield>
  <datafield tag="700" ind1="1" ind2=" ">
   <subfield code="a">Barret-Ducrocq; Françoise, dir.</subfield>
  </datafield>
  <datafield tag="700" ind1="1" ind2=" ">
   <subfield code="a">Peña W., Silvia, trad.</subfield>
  </datafield>
  <datafield tag="082" ind1="9" ind2="0">
   <subfield code="a">900.1 R426-1</subfield>
  </datafield>
  <datafield tag="653" ind1=" " ind2=" ">
   <subfield code="a">Memoria</subfield>
  </datafield>
  <datafield tag="653" ind1=" " ind2=" ">
   <subfield code="a">Historia-memoria</subfield>
  </datafield>
  <datafield tag="653" ind1=" " ind2=" ">
   <subfield code="a">Documentación</subfield>
  </datafield>
  <datafield tag="653" ind1=" " ind2=" ">
   <subfield code="a">Historia-metodología</subfield>
  </datafield>
  <datafield tag="859" ind1=" " ind2=" ">
   <subfield code="a">AR-BHAM</subfield>
   <subfield code="b">BIB. HUMANIDADES - General</subfield>
   <subfield code="h">900.1</subfield>
   <subfield code="i">R426-1</subfield>
   <subfield code="p">1051.04</subfield>
   <subfield code="t">Ej.1</subfield>
  </datafield>
 </record>
</collection>
